52 Babynamen der Woche 30/25' - Statistiken

Allgemein
  • Dieses Quiz wurde 11 mal gespielt
  • Das Durchschnittsergebnis liegt bei 21 aus 52
Antwortstatistiken
📍 Vorname % Korrekt
Be.j.m.n ♂️ Benjamin
90%
Ab.g..l ♀️ Abigail
80%
Ad.i.n ♂️ Adrian
80%
Al..a.d.r ♂️ Alexander
80%
D.m.n.k ♂️ Dominik
80%
Em..y ♀️ Emily
80%
H.b..t ♂️ Hubert
80%
K.t..r..a ♀️ Katharina
80%
L.k.s ♂️ Lukas
70%
M.r.o ♂️ Marco
70%
C.r..t..h ♂️ Christoph
60%
Em.n..l ♂️ Emanuel
60%
F.b..s ♂️ Fabius
60%
J.n.s ♂️ Jonas
60%
Le.i ♀️ Leni
60%
M.a ♀️ Mia
60%
Pa.l ♂️ Paul
60%
V.v..n ♀️ Vivian
60%
D.r..n ♂️ Dorian
50%
Le.n ♂️ Leon
50%
L.u ♂️ Lou
50%
M.c.e.a ♀️ Micaela
50%
M.c.a ♂️ Micha
50%
M.c.a.l ♂️ Michael
50%
P.a ♀️ Pia
50%
S.b.i.a ♀️ Sabrina
50%
S.p..e ♀️ Sophie
50%
T.n.a ♀️ Tanja
50%
Z.c ♂️ Zac
50%
M.l.n ♀️ Malin
40%
M.c..l.e ♀️ Michelle
40%
K.r.o ♂️ Karlo
30%
M.r..a ♀️ Marina
30%
Ta.a ♀️ Tara
30%
A.r..a ♀️ Aurora
20%
Il.r ♂️ Ilir
20%
Ja.o ♂️ Jaro
20%
M.y.a ♀️ Mayla
20%
A.j..i ♀️ Anjali
10%
D.s.s.a.a ♀️ Desislava
10%
E.a.a ♀️ Elaya
10%
Le.v.e ♀️ Leevke
10%
M.l..y ♀️ Melody
10%
No.r ♂️ Noar
10%
Ta.m ♂️ Taim
10%
D.t.n.a ♀️ Ditania
0%
Ko.a ♂️ Koda
0%
Le.y ♀️ Lexy
0%
Ma.m..a ♀️ Maimuna
0%
R.v..m ♂️ Revaam
0%
Sl.w.m.r ♂️ Slawomir
0%
S.n.e ♂️ Sönke
0%
Keine übereinstimmenden Quizze gefunden
Verteilung der Resultate
Anzahl Personen mit jedem Resultat
Perzentil nach korrekt beantworteten Fragen
Ihre Resultats-Entwicklung
Sie haben dieses Quiz noch nicht gespielt